| 000 | 00903nam a2200229 i 4500 | ||
|---|---|---|---|
| 001 | 121103 | ||
| 003 | ES-MaACL | ||
| 005 | 20250818131146.0 | ||
| 007 | t| | ||
| 008 | 070214s1970 sp r ||||1| spa d | ||
| 100 | 1 |
_aPrescott, William Hickling, _d1796-1859 _9131353 |
|
| 245 | 1 | 0 |
_aHistoria del reinado de los Reyes Católicos D. Fernando y Dª Isabel / _cWilliam H. Prescott ; traducido por D. Atilano Calvo Iturburu, según la edición de 1855. |
| 260 |
_aMadrid : _bCírculo de Amigos de la Historia, _c1970. |
||
| 300 |
_a2 v., 15 lám. ; _c20 cm. |
||
| 490 | 1 | _aGrandes figuras de la historia de España | |
| 651 |
_aEspaña- _xHistoria- _y1474-1516, Reyes Católicos. _98222 |
||
| 700 | 1 |
_aCalvo Iturburu, Atilano. _933888 |
|
| 700 | 2 |
_a _9241895 |
|
| 830 | 1 |
_aGrandes figuras de la historia de España _9184428 |
|
| 852 |
_aES-MaACL _jC-39891-92 |
||
| 999 |
_c121103 _d121103 |
||